=LDR 00000nam 2200000 4500 =001 NUTBA000000000002773 =005 20140627161956.0 =006 =007 =008 =020 ##$$a 978-979-010-978-0 =035 ##$$0010-061400000000716 =040 ##$$a NBPDMAT =082 ##$$a 657 =090 ##$$a 657$bHer s =100 ##$$a Hery =245 ##$$a Soal-jawab akuntansi menengah$cHery =260 ##$$a Jakarta$bBumi Aksara$c2010. =300 ##$$a vii,185 hlm.$c23 cm. =650 ##$$a Akuntansi$xSoal-Jawab =850 ##$$a NBPDMAT =990 ##$$a 21303664 =990 ##$$a 21400613/BPAP-NTB/20142014 =990 ##$$a 0001/BPAP-NTB/20142014 =990 ##$$a 0001/BPAP-NTB/20142015 =990 ##$$a 50965096 =990 ##$$a 01201805096 =990 ##$$a 21400613/BPAP-NTB/20142014 =990 ##$$a 0001/BPAP-NTB/20142014 =990 ##$$a 0001/BPAP-NTB/20142015